Devizy v podnikatelské praxi. 3.

Výklad niektorých otázok týkajúcich sa právnych pomerov devízových cudzozemcov pokiaľ ide o zriaďovanie účtov u čs. obchodných bánk a nadobúdania vlastníckych práv k nehnuteľnostiam. Prípady nadobudnutia práva k nehnuteľnostiam. Úprava platieb v cudzej mene.

Salvato in:
Dettagli Bibliografici
Autore principale: Šubrt, V.
Altri autori: Čočková, J.
Natura: Capitolo di libro
Lingua:ceco
Soggetti:
Tags: Aggiungi Tag
Nessun Tag, puoi essere il primo ad aggiungerne!!

MARC

LEADER 00000naa a2200000 4500
001 r011113
005 20220831083601.2
041 0 |a cze 
044 |a [CS] 
245 1 0 |a Devizy v podnikatelské praxi. 3.  |c V. Šubrt, J. Čočková 
520 |a Výklad niektorých otázok týkajúcich sa právnych pomerov devízových cudzozemcov pokiaľ ide o zriaďovanie účtov u čs. obchodných bánk a nadobúdania vlastníckych práv k nehnuteľnostiam. Prípady nadobudnutia práva k nehnuteľnostiam. Úprava platieb v cudzej mene. 
610 2 0 |a devízy 
610 2 0 |a podnikanie 
610 2 0 |a predpisy právne 
610 2 0 |a zákony 
610 2 0 |a ČSFR 
610 2 0 |a účty 
610 2 0 |a banky obchodné 
610 2 0 |a nehnuteľnosti 
610 2 0 |a vlastníctvo 
100 1 |a Šubrt, V. 
700 1 |a Čočková, J.